[Event "Eliminacje strefowe do OOM OP/SL - C13"]
[Site "OW Sudety Pokrzywna"]
[Date "2023.??.??"]
[Round "7.9"]
[White "Swiderski, Piotr"]
[Black "Cichocki, Jakub"]
[Result "1/2-1/2"]
[BlackElo "1062"]
[EventDate "2023.??.??"]
[PlyCount "70"]
[WhiteElo "1096"]

1. e4 e5 2. Nf3 Nc6 3. Bc4 Bc5 4. c3 Nf6 5. d4 exd4 6. cxd4 Bb4+ 7. Bd2 Bxd2+ 8.
Nbxd2 Na5 9. Bd3 d6 10. h3 O-O 11. O-O Nh5 12. Bc2 Nf4 13. Re1 Nc6 14. e5 dxe5
15. dxe5 Be6 16. Nb3 Qe7 17. Qd2 Ng6 18. Qc3 Qb4 19. Qxb4 Nxb4 20. Be4 c6 21.
Nbd4 Bd5 22. Bxd5 Nxd5 23. Rad1 Rfe8 24. Nf5 Rad8 25. Nd6 Re7 26. Nf5 Ree8 27.
Ng3 Nb6 28. Rxd8 Rxd8 29. e6 f6 30. Nf5 Re8 31. Nd6 Re7 32. Nf5 Re8 33. Nd6 Re7
34. Nf5 Re8 35. Nd6 Re7  1/2-1/2

[Event "Eliminacje strefowe do OOM OP/SL - C13"]
[Site "OW Sudety Pokrzywna"]
[Date "2023.??.??"]
[Round "8.1"]
[White "Brzezina, Piotr"]
[Black "Burszczan, Piotr"]
[Result "1-0"]
[WhiteElo "2038"]
[BlackElo "1248"]
[PlyCount "97"]
[EventDate "2023.??.??"]

1. Nf3 d5 2. g3 c5 3. Bg2 g6 4. d4 Bg7 5. O-O Nf6 6. c4 O-O 7. dxc5 dxc4 8. Qc2
Qd5 9. Nfd2 Qxc5 10. Qxc4 Qxc4 11. Nxc4 Nc6 12. Nc3 Be6 13. Na3 Rfd8 14. Nab5
Rd7 15. Bf4 Rad8 16. Na4 Bc4 17. Nbc3 e5 18. Bxc6 bxc6 19. Bxe5 Re7 20. f4 Rd2
21. Rfd1 Red7 22. Rxd2 Rxd2 23. Rd1 Rxd1+ 24. Nxd1 Bxe2 25. Ndc3 Bc4 26. b3 Be6
27. Bd4 a6 28. Nc5 Bc8 29. Kg2 Nd7 30. Bxg7 Kxg7 31. N3e4 Nxc5 32. Nxc5 Kf6 33.
Kf3 Ke7 34. Ke4 Kd6 35. Kd4 f5 36. b4 h6 37. a4 g5 38. h4 g4 39. h5 Kc7 40. Ke5
Kb6 41. Kd6 a5 42. bxa5+ Kxa5 43. Kxc6 Kb4 44. Kc7 Kxc5 45. Kxc8 Kd4 46. a5 Ke3
47. a6 Kf3 48. a7 Kxg3 49. a8=Q 1-0

[Event "Eliminacje strefowe do OOM OP/SL - C13"]
[Site "OW Sudety Pokrzywna"]
[Date "2023.??.??"]
[Round "8.2"]
[White "Oles, Mateusz"]
[Black "Pycinski, Wladyslaw"]
[Result "0-1"]
[WhiteElo "1502"]
[BlackElo "2091"]
[PlyCount "108"]
[EventDate "2023.??.??"]

1. e4 c5 2. Nc3 Nc6 3. Bb5 Nd4 4. Nf3 a6 5. Bd3 g6 6. Rb1 Bg7 7. b4 cxb4 8.
Rxb4 Nc6 9. Rb1 d6 10. O-O Nf6 11. Bb2 O-O 12. Re1 e5 13. a4 Be6 14. Ba3 Rb8
15. h3 h6 16. Qe2 Re8 17. Qf1 d5 18. exd5 Bxd5 19. Nxd5 Qxd5 20. Bc4 Qd7 21.
Qd3 Qxd3 22. cxd3 Bf8 23. Bxf8 Kxf8 24. Rbc1 Rbc8 25. Rc3 Nd7 26. Rec1 Nd4 27.
Nxd4 exd4 28. Rb3 Nc5 29. Rbb1 Rc7 30. Bd5 Ree7 31. Rc4 Nxd3 32. Rxc7 Rxc7 33.
Bxb7 a5 34. Ba6 Nb4 35. Bb5 Rc2 36. Rd1 Ke7 37. Kh2 Kd6 38. Kg3 Nd5 39. Kf3 f5
40. g4 Rb2 41. gxf5 gxf5 42. d3 Nc3 43. Rg1 Nxb5 44. axb5 Rxb5 45. Rg6+ Ke5 46.
Rxh6 Rb3 47. Ke2 Rb2+ 48. Ke1 a4 49. Ra6 Ra2 50. h4 Kf4 51. h5 Kf3 52. h6 Re2+
53. Kf1 Rxf2+ 54. Kg1 Rg2+ 0-1

[Event "Eliminacje strefowe do OOM OP/SL - C13"]
[Site "OW Sudety Pokrzywna"]
[Date "2023.??.??"]
[Round "8.3"]
[White "Pawleta, Mateusz"]
[Black "Smolinski, Wojciech"]
[Result "0-1"]
[WhiteElo "1433"]
[BlackElo "1597"]
[PlyCount "68"]
[EventDate "2023.??.??"]

1. d4 e6 2. c4 b6 3. Nf3 Bb7 4. Nc3 f5 5. g3 Nf6 6. Bg2 Bb4 7. Bd2 O-O 8. O-O
Bxc3 9. Bxc3 Ne4 10. Qc2 Nxc3 11. Qxc3 d6 12. Nd2 Bxg2 13. Kxg2 Nc6 14. f4 Qf6
15. Nf3 Rae8 16. Rfe1 e5 17. dxe5 dxe5 18. Nxe5 Nxe5 19. fxe5 Rxe5 20. Qf3 Rfe8
21. Rac1 Re3 22. Qd5+ Kh8 23. Rc2 f4 24. Rf1 Qg6 25. Qd1 fxg3 26. h3 Qe4+ 27.
Rf3 h5 28. Kxg3 Rxf3+ 29. exf3 h4+ 30. Kf2 Qf4 31. Qg1 Re5 32. Kf1 Qxf3+ 33.
Rf2 Qd1+ 34. Kg2 Rg5+ 0-1

[Event "Eliminacje strefowe do OOM OP/SL - C13"]
[Site "OW Sudety Pokrzywna"]
[Date "2023.??.??"]
[Round "8.4"]
[White "Niesyt, Michal"]
[Black "Seemann, Adam"]
[Result "1-0"]
[WhiteElo "1706"]
[BlackElo "1546"]
[PlyCount "57"]
[EventDate "2023.??.??"]

1. e4 c5 2. Nf3 Nc6 3. d4 cxd4 4. Nxd4 g6 5. Nc3 Bg7 6. Be3 Nf6 7. Bc4 O-O 8.
Bb3 d6 9. h3 Bd7 10. O-O Rc8 11. Re1 a6 12. Nd5 Nxd5 13. exd5 Na5 14. c3 Nc4
15. Bxc4 Rxc4 16. Bg5 Re8 17. Qd3 Rc8 18. Qe2 Qb6 19. Qd2 Bxd4 20. cxd4 Bf5 21.
Rxe7 Rxe7 22. Bxe7 Kg7 23. Re1 Rc2 24. Bf8+ Kg8 25. Re8 Bd7 26. Qh6 Rc1+ 27.
Kh2 Qxd4 28. Bg7+ Bxe8 29. Bxd4 1-0

[Event "Eliminacje strefowe do OOM OP/SL - C13"]
[Site "OW Sudety Pokrzywna"]
[Date "2023.??.??"]
[Round "8.5"]
[White "Biela, Jan"]
[Black "Swoboda, Wojciech"]
[Result "1/2-1/2"]
[WhiteElo "1158"]
[BlackElo "1239"]
[PlyCount "68"]
[EventDate "2023.??.??"]

1. e4 c5 2. Nc3 Nc6 3. Bb5 Nd4 4. Bc4 g6 5. Nge2 Bg7 6. O-O e6 7. Nxd4 Bxd4 8.
Nb5 Be5 9. f4 Bb8 10. Nc3 Ne7 11. d3 d5 12. Bb3 a6 13. Qf3 b5 14. exd5 Bb7 15.
Re1 O-O 16. Qe2 Nxd5 17. Bxd5 Bxd5 18. Nxd5 Qxd5 19. Qe4 Rd8 20. Qxd5 Rxd5 21.
Be3 Ba7 22. Rad1 Rad8 23. Kf2 Bb8 24. g4 e5 25. Kf3 exf4 26. Bxf4 Bxf4 27. Kxf4
g5+ 28. Ke3 Rd4 29. h3 Kg7 30. Rf1 Kg6 31. Rf5 c4 32. Rc5 cxd3 33. Rxd3 Rxd3+
34. cxd3 Rd6 1/2-1/2

[Event "Eliminacje strefowe do OOM OP/SL - C13"]
[Site "OW Sudety Pokrzywna"]
[Date "2023.??.??"]
[Round "8.6"]
[White "Kunze, Krystian"]
[Black "Staniczek, Kacper"]
[Result "1/2-1/2"]
[WhiteElo "1213"]
[BlackElo "1518"]
[PlyCount "60"]
[EventDate "2023.??.??"]

1. d4 d5 2. Bf4 Nf6 3. e3 e6 4. Nf3 c5 5. c3 Nc6 6. Bd3 Bd6 7. Bg3 O-O 8. Nbd2
Re8 9. Ne5 Qc7 10. f4 Ne7 11. Bf2 b6 12. g4 Bb7 13. Qf3 Nd7 14. f5 Nf8 15. g5
Nxf5 16. h4 Bc8 17. h5 c4 18. Bc2 b5 19. g6 fxg6 20. hxg6 hxg6 21. O-O-O a5 22.
Qg2 Be7 23. Nef3 Bf6 24. Nf1 Qe7 25. Kd2 Bb7 26. Ng3 Nxg3 27. Qxg3 Kf7 28. Rh2
b4 29. a3 b3 30. Bb1 Rad8 1/2-1/2

[Event "Eliminacje strefowe do OOM OP/SL - C13"]
[Site "OW Sudety Pokrzywna"]
[Date "2023.??.??"]
[Round "8.7"]
[White "Kordowski, Lukasz"]
[Black "Swiderski, Piotr"]
[Result "1/2-1/2"]
[WhiteElo "1342"]
[BlackElo "1096"]
[PlyCount "61"]
[EventDate "2023.??.??"]

1. e4 c5 2. d4 cxd4 3. c3 dxc3 4. Nxc3 Nc6 5. Nf3 g6 6. Bc4 Bg7 7. O-O Nf6 8.
e5 Ng4 9. Bxf7+ Kxf7 10. Ng5+ Ke8 11. Qxg4 Nxe5 12. Qe2 d6 13. f4 Nf7 14. Nxf7
Kxf7 15. f5 gxf5 16. Qh5+ Kf8 17. Bh6 Rg8 18. Rxf5+ Bxf5 19. Qxf5+ Ke8 20. Qe6
Bd4+ 21. Be3 Bxe3+ 22. Qxe3 Qb6 23. Qxb6 axb6 24. Re1 Rg7 25. Nd5 Rxa2 26. Re2
Ra1+ 27. Kf2 Rf7+ 28. Ke3 Ra5 29. Nxb6 Re5+ 30. Kd2 Rxe2+ 31. Kxe2 1/2-1/2

[Event "Eliminacje strefowe do OOM OP/SL - C13"]
[Site "OW Sudety Pokrzywna"]
[Date "2023.??.??"]
[Round "8.9"]
[White "Cichocki, Jakub"]
[Black "Myslowski, Tomasz"]
[Result "0-1"]
[WhiteElo "1062"]
[BlackElo "1084"]
[PlyCount "136"]
[EventDate "2023.??.??"]

1. e4 e6 2. d4 d5 3. exd5 exd5 4. Nc3 c6 5. Nf3 Bd6 6. Bd3 Ne7 7. O-O O-O 8.
Ng5 Bf5 9. Re1 h6 10. Nf3 Bxd3 11. Qxd3 Nd7 12. Bd2 Ng6 13. Re2 Qf6 14. Rae1
Rfd8 15. a3 Kf8 16. h3 Re8 17. Rxe8+ Rxe8 18. Rxe8+ Kxe8 19. Ne2 Kf8 20. Qb3
Nb6 21. Ba5 Bc7 22. Bb4+ Bd6 23. Ba5 Nc4 24. Bb4 Bxb4 25. Qxb4+ Qe7 26. Qxe7+
Kxe7 27. b3 Nxa3 28. c3 Ke6 29. Ng3 Nb5 30. c4 Nd6 31. c5 Ne8 32. Kf1 f6 33.
Ke2 Nf4+ 34. Kf1 Nd3 35. Ne1 Nc1 36. b4 Nc7 37. Nh5 Kf7 38. Nc2 Nb5 39. Ng3 g6
40. Ne2 Nxe2 41. Kxe2 Ke6 42. g3 f5 43. g4 fxg4 44. hxg4 h5 45. Kf3 hxg4+ 46.
Kxg4 Kf6 47. Kg3 Nc3 48. Kg4 Nb1 49. Kg3 Kf5 50. Kf3 Nd2+ 51. Ke3 Nc4+ 52. Kf3
b6 53. Kg3 Nd2 54. f3 Nc4 55. f4 g5 56. fxg5 Kxg5 57. Kf3 bxc5 58. bxc5 a5 59.
Ke2 Kf4 60. Kd3 a4 61. Nb4 a3 62. Na2 Nb2+ 63. Kc3 Ke4 64. Kb3 Nd3 65. Kxa3
Kxd4 66. Kb3 Nxc5+ 67. Kb2 Nd3+ 68. Kc2 c5 0-1